1849 1163 1285 1867 1061 1810 1498 1304 1057 1638 1866 1347 1884 1234 1576 1432 1238 1699 1930 1057 1227 1249 1328 1827 1758 1893 1465 1222 1724 1994 1694 1724 1021 1456 1989 1943 1382 1943 1746 1094 1233 1125 1227 1048 1806 1251 1468 1432 1398 1441 1401 1604 1576 1493 1315 1825 1575 1248 1299 1753 1338 1603 1979 1295 1923 1765 1120 1106 1914 1017 1187 1778 1793 1563 1321 1195 1320 1466 1834 1676 1498 1079 1808 1315 1786 1951 1175 1735 1754 1059 1614 1735 1054 1232 1963 1643 1348 1078 1909 BCNSPRNW ULIB Ver.6.0+V

เปลี่ยนเป็นภาษาไทย

Change to English
 แสดงรายละเอียดบรรณานุกรม
  กลับหน้าหลัก

Brief Record : Get Marc (ISO 2709) : E-mail record : QR code < ปิดหน้าต่าง
LEADER : 00000nam 2200000uu 4500
001    13399111597
003     ULIB
008    110627s||||||||th 000 0 tha d
020    9789740523116
050  4 QA76.75^bอ875จ 2551
100 0  เอกเทพ ภักดีศิริมงคล
245 00 เจาะลึกPhotoshop CS3/^cเอกเทพ ภักดีศิริมงคล
250    พิมพ์ครั้งที่ 1
260    กรุงเทพฯ :^bอินทริโอ,^c2551
300    424 หน้า :^bภาพประกอบ
650  7 Photoshop
945    ^p220^l0^i024120
945    ^p220^l0^i024119
995    ทศพร
999 ^a ใช้งานได้ทุกระบบ
รายการนี้ยังไม่มีแท็ก
คุณยังไม่ได้ล็อกอิน คุณสามารถมีกิจกรรมร่วมกับเว็บไซต์ได้ แต่ต้องล็อกอินก่อน ::
  ล็อกอิน

รายการสื่อสารสนเทศ

ลำดับที่ ประเภท เลขเรียก/บาร์โค้ด สถานที่ สถานะ
- ไม่พบข้อมูล -

รายการใกล้เคียง
    ผู้แต่ง [เอกเทพ ภักดีศิริมงคล]

    หัวเรื่อง [Photoshop]

BibComment


ยังไม่เคยถูกคอมเมนท์

คอมเมนท์ทรัพยากรรายการนี้
  คอมเมนท์: เจาะลึกPhotoshop ..


 Copyright 2026. Bcnsprnw @Library